Teoria de la música : grado superior / por L. M. y F. A. grado superior / por L. M. y F. A.
Descripción Física:
35 p. ; 21 cm
Otros Autores:
A. F.
MARC
| LEADER | 00000nam a2200000Ia 4500 | ||
|---|---|---|---|
| 001 | 14789 | ||
| 003 | BGR | ||
| 005 | 20260410113711.0 | ||
| 008 | 160829s1946 xx 000 0 cat d | ||
| 080 | |a FU-30-32 | ||
| 100 | |a M., L. |9 27416 | ||
| 245 | |a Teoria de la música : |b grado superior / por L. M. y F. A. | ||
| 260 | |a Barcelona : |b Gráf. Marina, |c 1946 | ||
| 300 | |a 35 p. ; |c 21 cm | ||
| 590 | |a Obra de texto en el Conservatorio Superior de Barcelona (Escuela Municipal de Música) | ||
| 650 | |a Música |x Teoria |x Ensenyament |9 27710 | ||
| 650 | |a Solfeig |x Ensenyament |9 48268 | ||
| 700 | |a A. F. |9 27711 | ||
| 710 | 1 | |a Conservatorio Superior de Barcelona |9 70832 | |
| 710 | 1 | |a Escuela Municipal de Música (Barcelona) |9 70833 | |
| 856 | 4 | |u https://media.diba.cat/diba/fitxers/arxiu/fulletons/bib_14789_baixa.pdf |y Accés lliure | |
| 856 | 4 | |u https://media.diba.cat/diba/fitxers/arxiu/fulletons/bib_14789_baixa.pdf |y Accés lliure | |
| 900 | |a bib_14789_baixa.pdf | ||
| 901 | |a Arxiu | ||
| 942 | |n 1 |2 udc |c MON | ||
| 952 | |0 0 |1 0 |4 0 |6 FU3032 |7 1 |9 44380 |a Arxiu |b Arxiu |d 2016-12-01 |l 0 |o FU-30-32 |p 14789 |r 2016-12-01 00:00:00 |w 2016-12-01 |y ARXIU | ||
| 999 | |c 46961 |d 46961 | ||